Palasteen pirachchinaiyum porattamum

Saved in:
Bibliographic Details
Format: Book
Published: Colombo Meelparvai Publishers 2000
Tags: Add Tag
No Tags, Be the first to tag this record!

MARC

LEADER 00000nam a2200000 a 4500
082 |a 956.946 
245 |a Palasteen pirachchinaiyum porattamum 
260 |a Colombo  |b Meelparvai Publishers  |c 2000 
300 |a 60p.; 23cm. 
942 |c AFW 
999 |c 151602  |d 151602